Statistiques concernant Disney paroles - Le Renouveau (La Reine des Neiges)

Cliquez ici pour prendre le quiz!

Statistiques générales

  • Ce quiz a été pris 1 065 fois
    (871 depuis la dernière actualisation)
  • Le résultat moyen est 257 sur 336

Statistiques - réponses

Réponse% Correct
je
97%
Je
97%
Ce
96%
ce
96%
de
95%
Le
95%
le
95%
à
94%
dans
93%
ma
93%
renouveau.
93%
renouveau,
93%
renouveau
93%
fêter
92%
Anna | ElsaLa
92%
la
92%
les
92%
Les
92%
me
92%
va
91%
et
90%
Et
90%
90%
pas
90%
ElsaPas
90%
pas.
90%
vais
90%
ne
89%
ça
87%
en
87%
il
87%
Il
87%
si
86%
ces
85%
sent
85%
grands.
84%
petits
84%
robe
84%
bel
83%
bon
83%
bon.
83%
plats
83%
qui
83%
satin.
83%
soir
83%
soir.
83%
seul
82%
AnnaOuvrez
81%
des
80%
du
80%
mettez
80%
salon.
80%
seule.
80%
seule
80%
cet
79%
parle
79%
plus
79%
un
79%
air
78%
volets
78%
couloirs
77%
matin.
77%
que
77%
tout
77%
tout.
77%
jusqu'au
76%
Mais
76%
nous
76%
n'y
76%
serais
76%
bien
75%
dansant
75%
entrer
75%
avait
74%
change.
74%
faire
74%
Faire
74%
Laissez
74%
longs
74%
tes
74%
belle
73%
ElsaCache
73%
chocolat
73%
invités
73%
invités.
73%
n'en
73%
pouvoirs
73%
pouvoirs.
73%
qu'il
73%
temps.
72%
une
72%
saura
71%
saura.
71%
secret
71%
seront
71%
Fais
70%
inconnu
70%
moi
70%
survivra.
70%
attention
69%
l'air
69%
m'aidera
69%
tenue
69%
vie
69%
vie ?
69%
cela
68%
dérange.
68%
Enfin
68%
face.
68%
formelle
68%
J'étais
68%
pleine
68%
portes.
68%
tellement
68%
vivants
68%
C'est
67%
c'est
67%
entrons
67%
grace.
67%
tant
67%
bals
66%
car
66%
hâte
66%
pis
66%
coup
65%
est
65%
n'est
65%
fille
64%
jeune
63%
apparaître
62%
aux
62%
gardes
62%
j'ai
62%
J'ai
62%
j'avais
62%
ouvrir
62%
sentirais
62%
toute
62%
ElsaDites
61%
l'homme
61%
soirée
61%
faut
60%
faux
60%
magie
60%
monde
60%
bizarre
59%
ils
59%
journée
59%
journée.
59%
rencontrai
59%
sais
59%
art.
58%
qu'une
58%
changer
57%
histoire.
57%
qu'ils
57%
rafinée
57%
veulent.
57%
dire
56%
forte
56%
forte.
56%
parlerons
56%
peuvent
56%
pression
56%
rêvé.
56%
d'espoir.
55%
donne
55%
d'une
55%
chance
54%
d'ame
52%
d'état
52%
plait.
52%
tenterais
52%
tous
52%
Tu
52%
Puis
51%
raisonnable
51%
exaltée,
50%
rêver
50%
romance.
50%
surexcitée,
50%
tour
49%
veux
48%
sentiments.
47%
Enflammée,
45%
sans
45%
moment
43%
jamais.
42%
d'accueillir
41%
maintenant
41%
peine.
40%
sens
38%
AnnaTrouver
38%
d'ivoire
37%
dont
37%
l'amour
37%
quitter
37%
régneras,
37%
Sereine
29%
sage
23%
ElsaSoit
23%

Distribution des résultats

Percentile par nombre de réponses

% des personnes avec chaque résultat

Votre développement - résultats

Vous n’avez pas pris ce quiz depuis la dernière actualisation